000 01237nam a2200205Ia 4500
003 Ost
005 20260507075050.0
008 260507s9999||||xx |||||||||||||| ||und||
040 _cfsecg
041 _aara
082 _a600
100 _aالمساعد، زكي خليل
_eمؤلف
245 0 _aتسويق الخدمات وتطبيقاته /
_c زكي خليل المساعد
260 _aعمان:
_bدار المناهج للنشر والتوزيع,
_c2003
300 _a423 صفحة؛
_bإيضاحات ؛
_c24 سم
520 _aمبادئ التسويق-مفهوم التسويق-المنتجات الخدمية-تسعير المنتجات الخدمية-ترويج المنتجات الخدمية-تقديم المنتجات الخدمية-بحوث التسويق-قياس الظواهر في بحوث التسويق-تطبيقات تسويق المنتجات الخدمية-تسويق الخدمات السياحية-تسويق الخدمات المصرفية-تسويق الخدمات الصحية-تسويق الخدمات التأمينية-تسويق الخدمات المرورية-التسويق الدولي للخدمات
653 _aأدارة المبيعات
653 _aالتسويق
942 _cكتاب
999 _c42635
_d42635